Audítorstvo III (audítorská dokumentácia) : praktikum

Salvato in:
Dettagli Bibliografici
Autore principale: Maděra, František
Altri autori: Užík, Ján, 1969-, Mázik, Ján
Natura: Libro
Lingua:slovacco
Pubblicazione: Bratislava Wolters Kluwer 2017
Edizione:2. preprac. a dopl. vyd.
Serie:Ekonómia
Soggetti:
Tags: Aggiungi Tag
Nessun Tag, puoi essere il primo ad aggiungerne!!

MARC

LEADER 00000nam a2200000 4500
001 0231373
005 20240502073803.4
020 |a 978-80-8168-580-4 
041 0 |a slo 
044 |a SK 
245 1 0 |a Audítorstvo III  |b (audítorská dokumentácia) : praktikum  |c František Maděra ; recenzovali: Ján Užík, Ján Mázik 
250 |a 2. preprac. a dopl. vyd. 
264 1 |a Bratislava  |b Wolters Kluwer  |c 2017 
300 |a 136 s. [10,87 AH] 
490 1 |a Ekonómia 
830 0 |a Ekonómia 
610 2 0 |a audítorstvo 
610 2 0 |a audit 
610 2 0 |a dokumentácia 
610 2 0 |a dokumentácia účtovná 
610 2 0 |a technológie informačné 
610 2 0 |a štandardy audítorské medzinárodné 
100 1 |a Maděra, František 
700 1 |a Užík, Ján, 1969- 
700 1 |a Mázik, Ján